Agents, editors, and you : (Record no. 283277)
[ view plain ]
| 000 -LEADER | |
|---|---|
| fixed length control field | 00576nam a2200181Ia 4500 |
| 008 - FIXED-LENGTH DATA ELEMENTS--GENERAL INFORMATION | |
| fixed length control field | 150223s9999 xx 000 0 und d |
| 020 ## - INTERNATIONAL STANDARD BOOK NUMBER | |
| International Standard Book Number | 1582971528 |
| 050 ## - LIBRARY OF CONGRESS CALL NUMBER | |
| Classification number | PN 161 |
| Item number | .A34 2002 |
| 100 ## - MAIN ENTRY--PERSONAL NAME | |
| Personal name | Howry, Michelle. |
| 245 ## - TITLE STATEMENT | |
| Title | Agents, editors, and you : |
| Remainder of title | the insider's guide to getting your book published : |
| Statement of responsibility, etc | Michelle Howry. |
| 260 ## - PUBLICATION, DISTRIBUTION, ETC. (IMPRINT) | |
| Place of publication, distribution, etc | Ohio : |
| Name of publisher, distributor, etc | Writer's Digest Books, |
| Date of publication, distribution, etc | 2002 |
| 300 ## - PHYSICAL DESCRIPTION | |
| Extent | 260 pages : |
| Dimensions | 23 cm. |
| 504 ## - BIBLIOGRAPHY, ETC. NOTE | |
| Bibliography, etc | Includes Index. |
| 650 ## - SUBJECT ADDED ENTRY--TOPICAL TERM | |
| Topical term or geographic name as entry element | Authors and publishers. |
| 650 ## - SUBJECT ADDED ENTRY--TOPICAL TERM | |
| Topical term or geographic name as entry element | Authorship |
| General subdivision | Marketing. |
| 650 ## - SUBJECT ADDED ENTRY--TOPICAL TERM | |
| Topical term or geographic name as entry element | Editing. |
| 650 ## - SUBJECT ADDED ENTRY--TOPICAL TERM | |
| Topical term or geographic name as entry element | Literary agents. |
No items available.